MARC

LEADER 00000nam0a2200000 4500
001 210563
005 20231031192130.0
035 |a (RuTPU)RU\TPU\book\229975 
090 |a 210563 
100 |a 20120228d1953 m y0rusy50 ca 
101 0 |a rus 
102 |a RU 
105 |a a z 001zb 
200 1 |a Иван Иванович Шишкин. 1832-1898  |f П. М. Дульский  |g под ред. Г. А. Скопина 
210 |a Казань  |c Татгосиздат  |d 1953 
215 |a 47 с.  |c ил. 
320 |a Библиогр.: с. 46-47. 
320 |a Библиография в примечаниях. 
600 1 |a Шишкин  |g Иван Иванович  |b И. И.  |c российский живописец и график  |c передвижник  |f 1832-1898  |2 stltpush  |3 (RuTPU)RU\TPU\pers\122 
610 1 |a персоналии 
610 1 |a художники 
610 1 |a биографии 
610 1 |a живопись 
610 1 |a русская живопись 
610 1 |a история 
610 1 |a 19 век 
675 |a 75.071  |v 3 
700 1 |a Дульский  |b П. М. 
702 1 |a Скопин  |b Г. А.  |4 340 
801 1 |a RU  |b 63413507  |c 20120228 
801 2 |a RU  |b 63413507  |c 20121012  |g RCR 
942 |c BK